Entry Toplantı Adı
001 - KONTROL NUMARASI
- Kontrol alanı: 99860
003 - KONTROL NUMARASI KİMLİĞİ
- Kontrol alanı: TR-BiSEU
005 - SON İŞLEM TARİHİ VE ZAMANI
- Kontrol alanı: 20260207003919.0
008 - SABİT UZUNLUKTAKİ VERİ ÖGELERİ - GENEL BİLGİ
- Sabit uzunlukta kontrol alanı: 260207|| aca||aabn | a|a d
040 ## - KATALOGLAMA KAYNAĞI
- Özgün kataloglama kurumu: TR-BiSEU
- Çeviri kurumu: TR-BiSEU
111 ## - KONU BAŞLIKLARI - TOPLANTI ADI
- Toplantı adı: Türkiye Barolar Birliği Kadın Hukuku Komisyonu (2013, Ankara)
670 ## - BİLGİNİN KAYNAĞI
- Bilginin alındığı kaynak: KOHA: (TR-BiSEU)53339: Türkiye Barolar Birliği Kadın Hukuku Komisyonu (2013, Ankara), Türkiye Barolar Birliği Kadın Hukuku Komisyonu, TÜBAKKOM, IX. kitap, 11. dönem, 2 Temmuz 2011-5 Mayıs 2013/
